Terapia Intensiva / (Registro nro. 1835)

Detalles MARC
000 -LEADER
fixed length control field 01488nam a2200433 a 4500
005 - FECHA ULTIMA MODIFICACION
control field 20240430091211.0
008 - CAMPO DE CONTROL (LIBRO)
fixed length control field 100429t2007||||ag ||||f |||| 001 0 spa d
020 ## - INTERNATIONAL STANDARD BOOK NUMBER
ISBN 9500620235
041 ## - CODIGO DE IDIOMA
Código de idioma del texto/pista de sonido o título separado spa
092 ## - SIGNATURA TOPOGRAFICA DEWEY LOCAL
número de clasificación 617.028
libristica 11
sección CER
100 1# - ENTRADA PRINCIPAL--NOMBRE PERSONAL
Nombre personal Ceraso, Daniel H.
Función Dir.
9 (RLIN) 2762
245 ## - TITULO PROPIAMENTE DICHO
Título Terapia Intensiva /
Mención de responsabilidad y remanente de la transcripción de la portada Daniel H. Ceraso
250 ## - MENCION DE EDICION
Mención de edición 4a ed.
260 ## - PIE DE IMPRENTA
Lugar de publicación, distribución, etc Buenos Aires:
Nombre de la editorial, distribuidor, etc Editorial Médica Panamericana;
Fecha de publicación 2007.
300 ## - DESCRIPCION FISICA
Extension 1280 p.
Dimensiones 28x20 cm.
500 ## - NOTA GENERAL
Nota general Ceraso, D. H. (Dir.). (2007). Terapia Intensiva. (4a ed.). Buenos Aires : Editorial Médica Panamericana.
653 ## - TÉRMINO INDIZADO - PALABRAS CLAVES
Palabra clave Emergencias y reanimación
653 ## - TÉRMINO INDIZADO - PALABRAS CLAVES
Palabra clave Diagnoóstico por imágenes y radiología intervencionista en el paciente crítico
653 ## - TÉRMINO INDIZADO - PALABRAS CLAVES
Palabra clave Manejo de la vía aérea
653 ## - TÉRMINO INDIZADO - PALABRAS CLAVES
Palabra clave Respiratorio
653 ## - TÉRMINO INDIZADO - PALABRAS CLAVES
Palabra clave Neurointensivismo
653 ## - TÉRMINO INDIZADO - PALABRAS CLAVES
Palabra clave Cardiovascular
653 ## - TÉRMINO INDIZADO - PALABRAS CLAVES
Palabra clave Infecciones en el paciente crítico
653 ## - TÉRMINO INDIZADO - PALABRAS CLAVES
Palabra clave Sepsis, Shock y Disfunción multiorganica
653 ## - TÉRMINO INDIZADO - PALABRAS CLAVES
Palabra clave Riñón y medio interno
653 ## - TÉRMINO INDIZADO - PALABRAS CLAVES
Palabra clave Digestivo
653 ## - TÉRMINO INDIZADO - PALABRAS CLAVES
Palabra clave Trauma
653 ## - TÉRMINO INDIZADO - PALABRAS CLAVES
Palabra clave Nutrición y Metabolismo
653 ## - TÉRMINO INDIZADO - PALABRAS CLAVES
Palabra clave Obstetricia crítica
653 ## - TÉRMINO INDIZADO - PALABRAS CLAVES
Palabra clave Transplante
653 ## - TÉRMINO INDIZADO - PALABRAS CLAVES
Palabra clave Bioética
653 ## - TÉRMINO INDIZADO - PALABRAS CLAVES
Palabra clave Genética
653 ## - TÉRMINO INDIZADO - PALABRAS CLAVES
Palabra clave Endocrinología crítica
653 ## - TÉRMINO INDIZADO - PALABRAS CLAVES
Palabra clave Calidad (Gestión en cuidados intensivos. Gestión en cuidados intensivos pediátricos)
653 ## - TÉRMINO INDIZADO - PALABRAS CLAVES
Palabra clave Intoxicaciones
653 ## - TÉRMINO INDIZADO - PALABRAS CLAVES
Palabra clave Scores de gravedad
653 ## - TÉRMINO INDIZADO - PALABRAS CLAVES
Palabra clave Medicina legal en Terapia intensiva
942 ## - ADDED ENTRY ELEMENTS (KOHA)
Source of classification or shelving scheme Dewey Decimal Classification
Item type Libros
Existencias
Estado de retiro Existencia Fuente de clasificación Estado general No para prestamo Ubicación permanente ubicación actual Sala de ubicación Fecha de adquisición Total Checkouts Total Renewals Número de clasificación Código de barras Checked out Date last seen Date last borrowed Número de ejemplar Price effective from Koha tipo de elemento (item) Public note
    Dewey Decimal Classification     Biblioteca Medicina Biblioteca Medicina Circulación 21/10/2013 14 15 617.028 11 CER 3162 12/06/2026 05/06/2026 05/06/2026 Ej.1 21/10/2013 Libros Donación Agosto 2013

UNIVERSIDAD NACIONAL DEL COMAHUE
Biblioteca de la Facultad de Ciencias Médicas
Sede Toschi: Los Arrayanes y Av. Toschi, Cipolletti  - Rio Negro
Sede Los Tordos:  Yrigoyen al 2211, Cipolletti - Rio Negro 

Teléfono: 0299 - 4774707 int 25
Contacto: biblioteca@facimed.uncoma.edu.ar
© 2011 - 2026